| 000 | 00366nam a2200109Ia 4500 | ||
|---|---|---|---|
| 008 | 160531s9999 xx 000 0 und d | ||
| 100 | _aDumitrescu, Olivia. | ||
| 245 | _aLectures on the topological recursion for Higgs bundles and quantum curves | ||
| 245 | _cby Olivia Dumitrescu, Motohico Mulase | ||
| 260 | _c2015 | ||
| 856 | _uhttp://arxiv.org/pdf/1509.09007v2.pdf | ||
| 999 |
_c295121 _d295121 |
||